[Event "34th Rilton Cup"]
[Site "Stockholm SWE"]
[Date "2004.12.30"]
[Round "4.6"]
[White "Molander, Riku"]
[Black "Palo, Davor"]
[Result "1/2-1/2"]
[WhiteElo "2328"]
[BlackElo "2526"]
[EventDate "2004.12.27"]
[PlyCount "95"]

1.e4 c6 2.c4 d5 3.cxd5 cxd5 4.exd5 Nf6 5.Nc3 Nxd5 6.Nf3 e6 7.Bc4 Nc6 8.O-O
Be7 9.d4 O-O 10.Re1 Nxc3 11.bxc3 b6 12.Bd3 Bb7 13.h4 Bxh4 14.Nxh4 Qxh4 15.
Re3 g6 16.Rh3 Qe7 17.Bh6 Rfe8 18.Qg4 f5 19.Qe2 Qf6 20.Re1 Nd8 21.Bc4 Kh8 
22.Bf4 Nf7 23.Bxe6 Bd5 24.Re3 Rxe6 25.Rxe6 Bxe6 26.Qxe6 Qxe6 27.Rxe6 Kg7 
28.Re7 Kf6 29.Rb7 g5 30.Bb8 Nd8 31.Be5+ Ke6 32.Rxh7 Nf7 33.f4 gxf4 34.Bxf4
Rc8 35.Rh3 Rc4 36.Re3+ Kd7 37.Kf2 Ra4 38.Re2 Ra3 39.Rc2 b5 40.Ke2 Nd6 41.
Bxd6 Kxd6 42.Kd2 Kd5 43.Kc1 Kc4 44.Kb2 Ra6 45.Rf2 Rg6 46.Rxf5 Rxg2+ 47.Ka3
Kxc3 48.Rxb5 1/2-1/2

[Event "34th Rilton Cup"]
[Site "Stockholm SWE"]
[Date "2004.12.30"]
[Round "4.7"]
[White "Cramling, Pia"]
[Black "Carlsson, Pontus"]
[Result "1-0"]
[WhiteElo "2477"]
[BlackElo "2360"]
[EventDate "2004.12.27"]
[PlyCount "71"]

1.d4 Nf6 2.Nf3 e6 3.c4 b6 4.Bf4 Bb4+ 5.Nfd2 Nh5 6.Bg3 Bb7 7.a3 Bf8 8.Nc3 
Nxg3 9.hxg3 g6 10.e3 Bg7 11.Qc2 O-O 12.g4 d5 13.cxd5 exd5 14.O-O-O c5 15.
Nf3 cxd4 16.exd4 Nc6 17.Bb5 Na5 18.Rh2 Bc8 19.Rdh1 Bxg4 20.Rxh7 Bxf3 21.
gxf3 Qf6 22.Kb1 Rfd8 23.f4 a6 24.Bd3 Nc6 25.Ne2 Nxd4 26.Nxd4 Qxd4 27.f5 
Rac8 28.Qb3 Rc6 29.Bxa6 Qxf2 30.Bd3 Rf6 31.Qc3 d4 32.Qc7 Rf8 33.fxg6 b5 
34.Qe7 Qf3 35.Rh8+ Bxh8 36.Rxh8+ 1-0

[Event "34th Rilton Cup"]
[Site "Stockholm SWE"]
[Date "2004.12.30"]
[Round "4.9"]
[White "Handke, Florian"]
[Black "Poley, Vladimir"]
[Result "1-0"]
[WhiteElo "2467"]
[BlackElo "2402"]
[EventDate "2004.12.27"]
[PlyCount "59"]

1.d4 b5 2.e4 a6 3.Nf3 Bb7 4.Bd3 Nf6 5.e5 Nd5 6.Ng5 e6 7.Qf3 Qe7 8.Nxh7 Nc6
9.c3 O-O-O 10.Bg5 f6 11.exf6 Nxf6 12.Nxf6 Nxd4 13.Qxb7+ Kxb7 14.Ne4 Qf7 
15.cxd4 Re8 16.Nc5+ Kb6 17.b4 e5 18.d5 Qxd5 19.Be4 Qd4 20.O-O Bxc5 21.
bxc5+ Ka7 22.Nd2 Kb8 23.a4 Qxc5 24.Be3 Qe7 25.axb5 Rxh2 26.Kxh2 Rh8+ 27.
Kg1 Qh4 28.f3 Qh2+ 29.Kf2 Qh4+ 30.Ke2 1-0

[Event "34th Rilton Cup"]
[Site "Stockholm SWE"]
[Date "2004.12.30"]
[Round "4.10"]
[White "Norberg, Erik"]
[Black "Aagaard, Jacob"]
[Result "1/2-1/2"]
[WhiteElo "2188"]
[BlackElo "2431"]
[EventDate "2004.12.27"]
[PlyCount "52"]

1.Nf3 Nf6 2.c4 e6 3.Nc3 d5 4.cxd5 exd5 5.d4 c6 6.Bg5 h6 7.Bh4 Bf5 8.e3 
Nbd7 9.Bd3 Bxd3 10.Qxd3 Bd6 11.O-O O-O 12.e4 dxe4 13.Nxe4 Be7 14.Ng3 Nd5 
15.Bxe7 Qxe7 16.Rae1 Qf6 17.Ne5 Nxe5 18.dxe5 Qg6 19.Qc4 f5 20.exf6 Qxf6 
21.b4 Qc3 22.Qg4 Qxb4 23.Qe6+ Rf7 24.Nf5 Nf4 25.Qe5 Nd3 26.Nxh6+ gxh6 
1/2-1/2

[Event "34th Rilton Cup"]
[Site "Stockholm SWE"]
[Date "2004.12.30"]
[Round "4.11"]
[White "Berg, Emanuel"]
[Black "Ask, Josef"]
[Result "1-0"]
[WhiteElo "2529"]
[BlackElo "2208"]
[EventDate "2004.12.27"]
[PlyCount "83"]

1.e4 e6 2.d4 d5 3.Nc3 Bb4 4.e5 c5 5.a3 Bxc3+ 6.bxc3 Qa5 7.Bd2 Qa4 8.Qb1 c4
9.g3 Nc6 10.Bg2 Nge7 11.Nf3 Bd7 12.O-O O-O-O 13.Ng5 Rdf8 14.f4 h6 15.Nh3 
Kc7 16.Nf2 h5 17.Nd1 f6 18.exf6 Rxf6 19.Nb2 Qa5 20.Qe1 Nf5 21.a4 Rg6 22.
Bf3 Rf6 23.Nd1 Nd6 24.Qe2 Be8 25.Nf2 Bg6 26.Ra2 Kb8 27.Kg2 Ka8 28.Re1 Bf5 
29.h3 Rfh6 30.Raa1 R6h7 31.Rh1 Nd8 32.g4 hxg4 33.hxg4 Bxc2 34.Rxh7 Rxh7 
35.f5 exf5 36.Bf4 fxg4 37.Nxg4 Bd3 38.Qe5 N8f7 39.Qe7 Rh8 40.Bxd6 Qxc3 41.
Rh1 Qd2+ 42.Kg3 1-0

[Event "34th Rilton Cup"]
[Site "Stockholm SWE"]
[Date "2004.12.30"]
[Round "4.12"]
[White "Bellon Lopez, Juan Manuel"]
[Black "Hagberg, Martin"]
[Result "1-0"]
[WhiteElo "2425"]
[BlackElo "2203"]
[EventDate "2004.12.27"]
[PlyCount "103"]

1.b3 d5 2.Bb2 Nf6 3.e3 Nc6 4.Bb5 Bg4 5.f3 Bd7 6.f4 Ne4 7.Nf3 e6 8.O-O f6 
9.Nc3 Nxc3 10.Bxc3 Bc5 11.d4 Bd6 12.Bd3 Qe7 13.Bb2 O-O-O 14.c4 Ba3 15.Bxa3
Qxa3 16.Rf2 Qe7 17.Rb1 g5 18.b4 gxf4 19.exf4 dxc4 20.Bxc4 e5 21.d5 Bg4 22.
Qa4 Nb8 23.Qxa7 e4 24.Qe3 Bxf3 25.gxf3 Rhe8 26.Kh1 exf3 27.Qxf3 Qe4 28.
Qxe4 Rxe4 29.Bd3 Rd4 30.Bxh7 R4xd5 31.Rg1 Nc6 32.Be4 Rd4 33.Bxc6 bxc6 34.
Rg6 Rxb4 35.Rxf6 Rb1+ 36.Kg2 Rc1 37.f5 Rc5 38.Rg6 Rdd5 39.f6 Rf5 40.Rxf5 
Rxf5 41.Kg3 c5 42.Kg4 Rf2 43.Kg5 c4 44.Kh6 c3 45.Kg7 c2 46.Rg1 Rg2+ 47.
Rxg2 c1=Q 48.f7 Qc3+ 49.Kg8 Qc4 50.h4 Kd7 51.h5 Ke7 52.Rg7 1-0

[Event "34th Rilton Cup"]
[Site "Stockholm SWE"]
[Date "2004.12.30"]
[Round "4.13"]
[White "Edlund, Robin"]
[Black "Peng, Zhaoqin"]
[Result "0-1"]
[WhiteElo "2206"]
[BlackElo "2420"]
[EventDate "2004.12.27"]
[PlyCount "100"]

1.e4 e6 2.d4 d5 3.Nc3 Nf6 4.Bg5 dxe4 5.Nxe4 Nbd7 6.Nf3 h6 7.Nxf6+ Nxf6 8.
Be3 a6 9.Bd3 b6 10.Qe2 Bb4+ 11.c3 Bd6 12.O-O-O Bb7 13.Ne5 Qe7 14.Rhg1 Nd5 
15.Bd2 c5 16.dxc5 Bxc5 17.g4 g5 18.h4 Qf6 19.Bb5+ Ke7 20.hxg5 hxg5 21.Nd7 
Qxf2 22.Bxg5+ f6 23.Nxf6 Qxe2 24.Nxd5+ Kf7 25.Bxe2 Bxg1 26.Nxb6 Bxb6 27.
Rd7+ Kg6 28.Rxb7 Kxg5 29.Rxb6 e5 30.Kd2 Rh3 31.Rd6 a5 32.c4 Rb8 33.b3 a4 
34.Bd1 axb3 35.axb3 Ra8 36.c5 Ra2+ 37.Kc1 Rhh2 38.Kb1 Ra8 39.c6 Rc8 40.Rd5
Kf4 41.Rc5 e4 42.Rc4 Rh6 43.c7 Re6 44.Kb2 Re7 45.Kc3 Rcxc7 46.g5 Rcd7 47.
Bh5 Rd3+ 48.Kc2 Rd5 49.b4 Rxg5 50.Bd1 Rd7 0-1

[Event "34th Rilton Cup"]
[Site "Stockholm SWE"]
[Date "2004.12.30"]
[Round "4.14"]
[White "Kuemin, Simon"]
[Black "Kosmo, Santul"]
[Result "1-0"]
[WhiteElo "2392"]
[BlackElo "2206"]
[EventDate "2004.12.27"]
[PlyCount "51"]

1.e4 e6 2.d4 d5 3.Nc3 Nf6 4.e5 Nfd7 5.f4 c5 6.Nf3 Nc6 7.Be3 cxd4 8.Nxd4 
Bc5 9.Qd2 O-O 10.O-O-O a6 11.h4 Nxd4 12.Bxd4 b5 13.Rh3 b4 14.Na4 Bxd4 15.
Qxd4 Qa5 16.b3 f6 17.exf6 Nxf6 18.Bd3 Bd7 19.Qb6 Qxb6 20.Nxb6 Ra7 21.Re1 
Re8 22.Rhe3 Ng4 23.R3e2 Kf7 24.Nxd7 Rxd7 25.Bf5 exf5 26.Rxe8 1-0

[Event "34th Rilton Cup"]
[Site "Stockholm SWE"]
[Date "2004.12.30"]
[Round "4.15"]
[White "Nouro, Mikael"]
[Black "Landgren, Andreas"]
[Result "0-1"]
[WhiteElo "2361"]
[BlackElo "2198"]
[EventDate "2004.12.27"]
[PlyCount "86"]

1.e4 c5 2.Nf3 d6 3.d4 cxd4 4.Nxd4 Nf6 5.Nc3 a6 6.Bc4 e6 7.O-O Be7 8.Bb3 b5
9.Qf3 Qb6 10.Bg5 Bd7 11.Nf5 exf5 12.Bxf6 Bxf6 13.Nd5 Qc5 14.Nxf6+ gxf6 15.
e5 Nc6 16.Rad1 dxe5 17.Bxf7+ Kxf7 18.Rxd7+ Ke6 19.b4 Qc4 20.Rfd1 Nd4 21.
Qb7 Rhe8 22.Rc7 Qd5 23.Qb6+ Qd6 24.Qxd6+ Kxd6 25.Rxh7 Ke6 26.c3 Ne2+ 27.
Kf1 Nxc3 28.Rd3 Nxa2 29.Rhd7 f4 30.R3d6+ Kf5 31.Rf7 Re6 32.Rdd7 Nxb4 33.f3
Rc6 34.g4+ fxg3 35.hxg3 Rac8 36.g4+ Kg5 37.Kf2 Kf4 38.Rd2 Kg5 39.Re2 a5 
40.Kg3 Rc2 41.Re1 Kg6 42.Rb7 Nd3 43.Rh1 Nf4 0-1

[Event "34th Rilton Cup"]
[Site "Stockholm SWE"]
[Date "2004.12.30"]
[Round "4.16"]
[White "Henriksson, Jacob"]
[Black "Furhoff, Johan"]
[Result "0-1"]
[WhiteElo "2215"]
[BlackElo "2338"]
[EventDate "2004.12.27"]
[PlyCount "130"]

1.d4 Nc6 2.Nf3 d5 3.Bf4 Bg4 4.e3 e6 5.c4 Bb4+ 6.Nc3 Nge7 7.Rc1 Ng6 8.h3 
Bxf3 9.Qxf3 Nxf4 10.Qxf4 O-O 11.a3 Bd6 12.Qf3 dxc4 13.Bxc4 e5 14.O-O exd4 
15.exd4 Nxd4 16.Qxb7 Rb8 17.Qxa7 Nf3+ 18.Kh1 Nd2 19.Qd4 Nxf1 20.Bxf1 Rxb2 
21.Nb5 Qf6 22.Qxf6 gxf6 23.Nxd6 cxd6 24.a4 Rxf2 25.Ra1 Rc8 26.Bd3 Rc3 27.
a5 Rxd3 28.a6 Re2 29.a7 Re8 30.a8=Q Rxa8 31.Rxa8+ Kg7 32.Kg1 Rd2 33.Kh2 h5
34.Kg3 f5 35.Kf3 Rd4 36.Rd8 Kf6 37.Re8 h4 38.Ra8 Rb4 39.Re8 Rb3+ 40.Kf4 
Rb1 41.Rh8 Rb4+ 42.Kf3 d5 43.Ke3 Re4+ 44.Kd3 Ke5 45.Rh7 f6 46.Rh8 Ra4 47.
Re8+ Kf4 48.Rd8 Kg3 49.Rg8+ Kf2 50.Rg6 f4 51.Kd2 f5 52.Rg5 Re4 53.Kd1 Kf1 
54.Kd2 Re2+ 55.Kd1 Rxg2 56.Rxf5 Rf2 57.Rxd5 f3 58.Rf5 Kg1 59.Rf8 Rf1+ 60.
Kd2 Kf2 61.Rg8 Rh1 62.Ra8 Rxh3 63.Kd3 Rh1 64.Ke4 Rb1 65.Rh8 Ke2 0-1

[Event "34th Rilton Cup"]
[Site "Stockholm SWE"]
[Date "2004.12.30"]
[Round "4.17"]
[White "Lindberg, Bosse"]
[Black "Agrest, Roman"]
[Result "1-0"]
[WhiteElo "2326"]
[BlackElo "2107"]
[EventDate "2004.12.27"]
[PlyCount "53"]

1.d4 b5 2.e4 Bb7 3.Bd3 Nf6 4.Qe2 a6 5.Nf3 e6 6.a4 b4 7.c4 bxc3 8.bxc3 d5 
9.Nbd2 c5 10.O-O Nc6 11.Rb1 Qc7 12.dxc5 Bxc5 13.exd5 Nxd5 14.Ne4 Be7 15.
Qb2 Rb8 16.c4 Nf6 17.Bg5 Nxe4 18.Bxe7 Kxe7 19.Bxe4 f6 20.Qa3+ Kf7 21.Qc5 
Rbc8 22.Rb6 Na5 23.Qh5+ g6 24.Qxa5 Bxe4 25.Nd2 Bb7 26.Rfb1 Rb8 27.Qb4 1-0

[Event "34th Rilton Cup"]
[Site "Stockholm SWE"]
[Date "2004.12.30"]
[Round "4.21"]
[White "Todorovic, Zoran"]
[Black "Nyysti, Sampsa"]
[Result "1/2-1/2"]
[WhiteElo "2134"]
[BlackElo "2368"]
[EventDate "2004.12.27"]
[PlyCount "66"]

1.e4 e5 2.Nf3 Nc6 3.d4 exd4 4.Nxd4 Nf6 5.Nxc6 bxc6 6.Bd3 d5 7.exd5 cxd5 8.
O-O Be7 9.h3 O-O 10.Bf4 Be6 11.Nd2 Nd7 12.c3 Re8 13.Nf3 c5 14.Re1 Qb6 15.
Rb1 Bf6 16.Ng5 Nf8 17.Nxe6 Nxe6 18.Be5 Bxe5 19.Rxe5 Nf4 20.Rf5 Qd6 21.Qf3 
Nxd3 22.Qxd3 Re5 23.Rxe5 Qxe5 24.Rd1 Rd8 25.b4 cxb4 26.cxb4 d4 27.b5 g6 
28.a4 Kg7 29.g3 Qe7 30.Rc1 Qb4 31.Rc4 Qe1+ 32.Kg2 Qe5 33.h4 h5 1/2-1/2

[Event "34th Rilton Cup"]
[Site "Stockholm SWE"]
[Date "2004.12.30"]
[Round "4.22"]
[White "Paterek, Michal"]
[Black "Miloradovic, Jelena"]
[Result "1-0"]
[WhiteElo "2269"]
[BlackElo "2133"]
[EventDate "2004.12.27"]
[PlyCount "87"]

1.g3 d5 2.Bg2 c6 3.Nf3 Bg4 4.c4 Nf6 5.d4 h6 6.Qb3 Qb6 7.c5 Qxb3 8.axb3 
Nbd7 9.h3 Bxf3 10.Bxf3 e5 11.e3 Be7 12.Nc3 O-O 13.Bd2 Ne8 14.Nxd5 cxd5 15.
Bxd5 exd4 16.exd4 Nc7 17.Bxb7 Rab8 18.Bc6 Nxc5 19.dxc5 Bxc5 20.Ra5 Ne6 21.
Ba4 Rfc8 22.Bc3 Nd4 23.Kf1 Nxb3 24.Ra6 Nc1 25.Bc2 Bb4 26.Rxa7 Bxc3 27.bxc3
Rxc3 28.Be4 Re8 29.Bd5 Rf8 30.Kg2 Nd3 31.Rd1 g5 32.Rd7 Ne5 33.Re7 Ng6 34.
Rb7 Rc5 35.Bb3 Rf5 36.Rdd7 Ne5 37.Rd5 Re8 38.Ba4 Ra8 39.Bc2 Rf6 40.Rxe5 
Ra2 41.Re2 Kg7 42.Rc7 Ra1 43.Ree7 Ra2 44.Rxf7+ 1-0

[Event "34th Rilton Cup"]
[Site "Stockholm SWE"]
[Date "2004.12.30"]
[Round "4.24"]
[White "Marttala, Thomas"]
[Black "Ullen, Jan"]
[Result "1-0"]
[WhiteElo "2245"]
[BlackElo "2128"]
[EventDate "2004.12.27"]
[PlyCount "95"]

1.e4 e5 2.Nf3 Nc6 3.Bb5 a6 4.Ba4 Nf6 5.Qe2 Bc5 6.O-O b5 7.Bb3 d6 8.c3 Bg4 
9.d3 Qd7 10.a4 O-O 11.Bg5 Rab8 12.axb5 axb5 13.Nbd2 Kh8 14.Kh1 Rfe8 15.h3 
Bh5 16.Bxf6 gxf6 17.g4 Bxg4 18.hxg4 Qxg4 19.Rg1 Qh5+ 20.Kg2 Rg8+ 21.Kf1 
Qh3+ 22.Ke1 Rxg1+ 23.Nxg1 Qh1 24.Qf1 Rg8 25.Nh3 Qg2 26.Qxg2 Rxg2 27.Nf3 
Kg7 28.Ke2 Rg4 29.Rg1 h5 30.Nh2 Rg6 31.Nf1 h4 32.Ne3 Bxe3 33.Kxe3 Ne7 34.
d4 f5 35.dxe5 dxe5 36.exf5 Nxf5+ 37.Ke4 Kf6 38.Kf3 c5 39.Ra1 Nd6 40.Rd1 
Ke7 41.Rd5 e4+ 42.Ke3 c4 43.Bd1 f5 44.Re5+ Kf6 45.Nf4 Kxe5 46.Nxg6+ Kf6 
47.Nxh4 Kg5 48.Ng2 1-0

[Event "34th Rilton Cup"]
[Site "Stockholm SWE"]
[Date "2004.12.30"]
[Round "4.25"]
[White "Azizi, Haroon"]
[Black "Lindberg, Henrik"]
[Result "1/2-1/2"]
[WhiteElo "2124"]
[BlackElo "2218"]
[EventDate "2004.12.27"]
[PlyCount "50"]

1.e4 c5 2.Nf3 Nc6 3.d3 g6 4.g3 Bg7 5.Bg2 d6 6.O-O e5 7.c3 Nge7 8.a3 O-O 9.
b4 h6 10.b5 Na5 11.c4 b6 12.Nfd2 Rb8 13.Bb2 Be6 14.Nc3 f5 15.Qe2 f4 16.a4 
h5 17.Nd5 Bh6 18.Bc3 fxg3 19.hxg3 Bxd2 20.Qxd2 Nb3 21.Nxe7+ Qxe7 22.Qh6 
Qh7 23.Qxh7+ Kxh7 24.Ra3 Nd4 25.Bxd4 cxd4 1/2-1/2

[Event "34th Rilton Cup"]
[Site "Stockholm SWE"]
[Date "2004.12.30"]
[Round "4.26"]
[White "Hammar, Ulf"]
[Black "Nygren, David"]
[Result "0-1"]
[WhiteElo "2119"]
[BlackElo "2204"]
[EventDate "2004.12.27"]
[PlyCount "128"]

1.d4 d5 2.c4 e6 3.Nc3 c5 4.e3 Nf6 5.Nf3 Nc6 6.a3 a6 7.dxc5 Bxc5 8.b4 Bd6 
9.Bb2 O-O 10.c5 Bc7 11.Bd3 e5 12.e4 dxe4 13.Nxe4 Bf5 14.Qc2 Nd5 15.Rd1 Nf4
16.Bc4 Nxg2+ 17.Kf1 Qc8 18.Nfg5 Nh4 19.Nxf7 Bh3+ 20.Ke1 Nf3+ 21.Ke2 Rxf7 
22.Bxf7+ Kxf7 23.Qb3+ Ke7 24.Nd6 Nfd4+ 25.Bxd4 Qg4+ 26.Ke1 Rf8 27.Be3 Qg2 
28.Bg5+ Qxg5 29.Qxh3 Nd4 30.Ne4 Qf4 31.Qd3 Qg4 32.Ng3 Nf3+ 33.Kf1 Rd8 34.
Nf5+ Qxf5 35.Qxf5 Rxd1+ 36.Ke2 Nd4+ 37.Kxd1 Nxf5 38.Re1 Kf6 39.Kd2 Nd4 40.
Kd3 g5 41.Ke4 Ke6 42.a4 Bd8 43.h3 Be7 44.Rc1 h5 45.Rc3 Nc6 46.Rb3 Nb8 47.
Rc3 Nc6 48.Rb3 Nd4 49.Rc3 Ne2 50.Rb3 Nf4 51.Rc3 Nd5 52.Rb3 Nf6+ 53.Kd3 Kd5
54.Kc2 Ne4 55.Rf3 g4 56.Rf5 gxh3 57.f4 Ng3 58.Rxe5+ Kd4 59.Rxe7 h2 60.Rd7+
Kc4 61.Rd1 h1=Q 62.Rxh1 Nxh1 63.f5 Ng3 64.f6 Nf5 0-1

[Event "34th Rilton Cup"]
[Site "Stockholm SWE"]
[Date "2004.12.30"]
[Round "4.27"]
[White "Norberg, Johan"]
[Black "Heden, Gustav"]
[Result "1-0"]
[WhiteElo "2195"]
[BlackElo "2116"]
[EventDate "2004.12.27"]
[PlyCount "47"]

1.e4 c5 2.Nf3 Nc6 3.d4 cxd4 4.Nxd4 g6 5.Nc3 Bg7 6.Be3 Nf6 7.Bc4 O-O 8.Bb3 
d6 9.h3 Qa5 10.O-O Ne5 11.f4 Neg4 12.hxg4 Nxg4 13.Nd5 e5 14.fxe5 dxe5 15.
Bd2 Qc5 16.Bb4 Qxd4+ 17.Qxd4 exd4 18.Bxf8 Bxf8 19.Nc7 Rb8 20.Rxf7 Nh6 21.
Rf3+ Kg7 22.Ne8+ Kh8 23.Rxf8+ Ng8 24.Rxg8# 1-0

[Event "34th Rilton Cup"]
[Site "Stockholm SWE"]
[Date "2004.12.30"]
[Round "4.28"]
[White "Janse, Love"]
[Black "Johansson, Viktoria"]
[Result "1/2-1/2"]
[WhiteElo "2100"]
[BlackElo "2189"]
[EventDate "2004.12.27"]
[PlyCount "135"]

1.e4 c5 2.f4 d5 3.exd5 Nf6 4.Bb5+ Nbd7 5.c4 a6 6.Bxd7+ Bxd7 7.Nc3 e6 8.Qe2
Be7 9.dxe6 Bxe6 10.Nf3 O-O 11.d3 Re8 12.O-O Bd6 13.Qc2 Bf5 14.Nh4 Bd7 15.
Bd2 Nh5 16.Ne4 Bc7 17.Nf3 Bc6 18.Rad1 Nxf4 19.Be3 f5 20.Bxf4 Bxf4 21.Nc3 
Qd6 22.h3 Re3 23.Nd5 Bxd5 24.cxd5 Rae8 25.d4 Qg6 26.Rde1 cxd4 27.Rxe3 dxe3
28.Qc4 Bd6 29.Re1 f4 30.Qb3 b5 31.a4 Rb8 32.Re2 Qb1+ 33.Kh2 Qe4 34.axb5 
axb5 35.Kg1 Qb1+ 36.Re1 Qg6 37.Qc3 Qg3 38.Qc6 Qg6 39.Qd7 Qf6 40.Rc1 Qe7 
41.Rc8+ Rxc8 42.Qxc8+ Kf7 43.Qf5+ Qf6 44.Qd7+ Be7 45.Qxb5 Qd6 46.Qd3 Bf6 
47.b3 g6 48.Qe4 Kg7 49.b4 Qb6 50.Kh2 g5 51.Qc4 h5 52.Qe4 g4 53.hxg4 hxg4 
54.Ne1 Qd4 55.Qf5 g3+ 56.Kh3 Qxb4 57.Nd3 Qb1 58.Qd7+ Kf8 59.Nxf4 Qh1+ 60.
Kxg3 Qh4+ 61.Kf3 Qf2+ 62.Ke4 e2 63.Ne6+ Kg8 64.Qe8+ Kh7 65.Qf7+ Kh8 66.
Qe8+ Kh7 67.Nf8+ Kg7 68.Ne6+ 1/2-1/2

[Event "34th Rilton Cup"]
[Site "Stockholm SWE"]
[Date "2004.12.30"]
[Round "4.30"]
[White "Dalmau, Anneli"]
[Black "Aadahl, Mattias"]
[Result "0-1"]
[WhiteElo "2087"]
[BlackElo "2164"]
[EventDate "2004.12.27"]
[PlyCount "106"]

1.e4 c6 2.d4 d5 3.exd5 cxd5 4.Bd3 Nc6 5.c3 Nf6 6.Bf4 Bg4 7.Qb3 Qd7 8.h3 
Bh5 9.Nd2 Bg6 10.Bxg6 hxg6 11.Ngf3 e6 12.Ne5 Nxe5 13.dxe5 Ng8 14.Rd1 Qc6 
15.O-O b5 16.Be3 a5 17.Nf3 a4 18.Qc2 Qb7 19.Rd3 Ne7 20.b3 Nc6 21.Rb1 a3 
22.Re1 Be7 23.Bg5 O-O 24.Bxe7 Nxe7 25.Ng5 Rfc8 26.Qd2 Nf5 27.g4 Nh6 28.Rg3
Rc6 29.Nf3 Rac8 30.Nd4 Rb6 31.b4 Kh8 32.h4 Qe7 33.Kg2 Kg8 34.g5 Nf5 35.
Nxf5 gxf5 36.g6 f6 37.h5 fxe5 38.Rxe5 Qf6 39.Qe1 f4 40.Rf3 Rc4 41.Kh3 Re4 
42.Rxe4 Qf5+ 43.Kh2 dxe4 44.Rh3 Qe5 45.f3 e3 46.h6 Rd6 47.h7+ Kh8 48.Rh4 
Rd2+ 49.Kh3 Qf5+ 50.Rg4 Rf2 51.Qh1 Qh5+ 52.Rh4 Rxf3+ 53.Kg2 Rg3+ 0-1

[Event "34th Rilton Cup"]
[Site "Stockholm SWE"]
[Date "2004.12.30"]
[Round "4.32"]
[White "Maardell, Jimmy"]
[Black "Hansson, Haakan"]
[Result "1-0"]
[WhiteElo "2078"]
[BlackElo "2137"]
[EventDate "2004.12.27"]
[PlyCount "31"]

1.e4 c6 2.d4 d5 3.e5 g6 4.c4 Bg7 5.Nf3 e6 6.Nc3 Ne7 7.Be2 Nd7 8.h4 h5 9.
Ng5 Nf8 10.O-O Nf5 11.g3 dxc4 12.Nce4 Qxd4 13.Nd6+ Kd8 14.Nxf5 Qxd1 15.
Rxd1+ Kc7 16.Nxg7 1-0

[Event "34th Rilton Cup"]
[Site "Stockholm SWE"]
[Date "2004.12.30"]
[Round "4.34"]
[White "Lundvik, Jonas"]
[Black "Alquist, Erik"]
[Result "1-0"]
[WhiteElo "2248"]
[BlackElo "2095"]
[EventDate "2004.12.27"]
[PlyCount "83"]

1.d4 Nf6 2.Nf3 g6 3.Nbd2 Bg7 4.b3 d5 5.Bb2 O-O 6.g3 c5 7.dxc5 Qa5 8.Bg2 
Nc6 9.O-O Qxc5 10.c4 d4 11.Qc1 Re8 12.Re1 Qh5 13.Nxd4 Nxd4 14.Bxd4 Ng4 15.
Bxg7 Qxh2+ 16.Kf1 Kxg7 17.Qc3+ f6 18.Nf3 Qh5 19.Rad1 Nh6 20.Rd4 Bg4 21.
Red1 Nf7 22.Kg1 Rad8 23.Rd5 e5 24.Rxd8 Nxd8 25.Qb4 Kf7 26.Nh2 Be6 27.Bf3 
Qh6 28.Bd5 Qf8 29.Bxe6+ Nxe6 30.Qxb7+ Re7 31.Qd5 Qb8 32.Nf3 Qb4 33.Qd2 Qa3
34.Qc2 a5 35.Rd5 Rc7 36.Qd2 Nc5 37.Qh6 Ke8 38.Qh4 Rf7 39.Nxe5 g5 40.Qg4 
Qc1+ 41.Kg2 Rc7 42.Rxc5 1-0

[Event "34th Rilton Cup"]
[Site "Stockholm SWE"]
[Date "2004.12.30"]
[Round "4.36"]
[White "Nystroem, Ragnar"]
[Black "Vaenman, Kent"]
[Result "0-1"]
[WhiteElo "2082"]
[BlackElo "2189"]
[EventDate "2004.12.27"]
[PlyCount "130"]

1.d4 Nf6 2.c4 c5 3.e3 e6 4.Nf3 d5 5.Nc3 Nc6 6.Be2 Be7 7.O-O dxc4 8.Bxc4 
O-O 9.h3 a6 10.Re1 b5 11.Bd3 Bb7 12.dxc5 Bxc5 13.e4 e5 14.Bg5 Nb4 15.Bb1 
Qxd1 16.Rxd1 Rfe8 17.a3 Nc6 18.Bxf6 gxf6 19.Nd5 Kg7 20.Ba2 Rac8 21.g4 Nd4 
22.Ne1 h5 23.Kg2 hxg4 24.hxg4 Ne6 25.Rd2 Bxd5 26.exd5 Nf4+ 27.Kf3 f5 28.
gxf5 Kf6 29.Ke4 Nh3 30.Kd3 Nf4+ 31.Ke4 Nh3 32.Kd3 Nxf2+ 33.Ke2 Ne4 34.Rc2 
Rh8 35.Rac1 Rh2+ 36.Kf3 Rh3+ 37.Kg2 Rg3+ 38.Kf1 Rh8 39.Ke2 Bd4 40.Nf3 Rg2+
41.Kf1 Rxc2 42.Rxc2 Kxf5 43.Nxd4+ exd4 44.Rg2 Kf4 45.d6 Ke3 46.Kg1 Nxd6 
47.Rg3+ Kf4 48.Rd3 Ke5 49.Rf3 f5 50.Bb1 Ne4 51.Rd3 Rc8 52.Rd1 Kf4 53.Kf1 
Rh8 54.Kg2 Rg8+ 55.Kf1 Rh8 56.Kg2 Rd8 57.Rd3 Ke5 58.Rd1 Rd6 59.Kf3 Rg6 60.
Bd3 Rg3+ 61.Ke2 Rg2+ 62.Kf1 Rxb2 63.a4 Rd2 64.Rxd2 Nxd2+ 65.Ke2 Nc4 0-1

[Event "34th Rilton Cup"]
[Site "Stockholm SWE"]
[Date "2004.12.30"]
[Round "4.38"]
[White "Isaksson, Per"]
[Black "Pukkila, Markku"]
[Result "1/2-1/2"]
[WhiteElo "2072"]
[BlackElo "2181"]
[EventDate "2004.12.27"]
[PlyCount "150"]

1.d4 d5 2.c4 dxc4 3.Nf3 Nf6 4.e3 e6 5.Bxc4 c5 6.Qe2 a6 7.dxc5 Bxc5 8.O-O 
b5 9.Bd3 O-O 10.e4 Nbd7 11.e5 Nd5 12.Nc3 Nxc3 13.bxc3 Bb7 14.Bf4 Be7 15.
Rfd1 g6 16.a4 bxa4 17.Rxa4 Qc8 18.Rc4 Nc5 19.Ng5 Bd5 20.Rd4 Nxd3 21.Qxd3 
h6 22.Ne4 Bxe4 23.Rxe4 Rd8 24.Rd4 h5 25.Rd6 a5 26.Ra1 Qc5 27.Rd4 Rdc8 28.
Rda4 Bd8 29.c4 Bc7 30.Qe4 Rd8 31.Bg5 Qxe5 32.Qxe5 Bxe5 33.Bxd8 Bxa1 34.
Rxa5 Rxd8 35.Rxa1 Rd4 36.Rc1 Kf8 37.Kf1 Ke7 38.Ke2 Kd6 39.c5+ Kc6 40.Ke3 
Rd5 41.h4 Rxc5 42.Ra1 Kd6 43.Ra7 Rc7 44.Ra6+ Ke5 45.Ra5+ Kf6 46.g3 e5 47.
Kf3 Kf5 48.Rb5 Rc3+ 49.Kg2 Rd3 50.Ra5 f6 51.Ra8 e4 52.Re8 Rd6 53.Re7 Re6 
54.Ra7 Ke5 55.Rg7 f5 56.Ra7 Kf6 57.Ra8 e3 58.fxe3 Rxe3 59.Kf2 Rd3 60.Ra6+ 
Kf7 61.Ra7+ Ke6 62.Ra6+ Rd6 63.Ra4 Ke5 64.Ra5+ Kf6 65.Ra4 Re6 66.Kf3 Re1 
67.Ra6+ Kg7 68.Ra7+ Kh6 69.Ra4 Rf1+ 70.Kg2 Rb1 71.Kf3 Rb6 72.Rc4 g5 73.
hxg5+ Kxg5 74.Ra4 Rb3+ 75.Kf2 Rb2+ 1/2-1/2

[Event "34th Rilton Cup"]
[Site "Stockholm SWE"]
[Date "2004.12.30"]
[Round "4.41"]
[White "Forsberg, Viktor"]
[Black "Jensen, Leif Haugaard"]
[Result "0-1"]
[WhiteElo "2137"]
[BlackElo "2067"]
[EventDate "2004.12.27"]
[PlyCount "132"]

1.e4 e6 2.d4 d5 3.Nc3 dxe4 4.Nxe4 Nd7 5.Nf3 Ngf6 6.Nxf6+ Nxf6 7.Bd3 c5 8.
O-O Qc7 9.b3 Be7 10.Bb2 O-O 11.Qe2 Bd7 12.c4 cxd4 13.Nxd4 Rad8 14.Rad1 Bc6
15.Bb1 Rfe8 16.h3 b6 17.Nxc6 Qxc6 18.Rxd8 Rxd8 19.Rd1 Rxd1+ 20.Qxd1 Qd7 
21.Qxd7 Nxd7 22.Bc3 h6 23.Kf1 Kf8 24.Ke2 Bf6 25.Bd2 Bd4 26.f4 Ke7 27.g4 e5
28.f5 Kd6 29.Kf3 a5 30.h4 f6 31.g5 hxg5 32.hxg5 fxg5 33.Bxg5 Nf6 34.Bd2 
Bc5 35.Kg3 Bb4 36.Be3 Bc5 37.Bc1 Ke7 38.Kf3 Kd6 39.Be4 Bb4 40.Ba8 Bc5 41.
a3 Ke7 42.Bb2 Kd6 43.Bb7 Kc7 44.Bd5 Kd6 45.Ba8 Nh5 46.Kg4 Nf4 47.Be4 Ne2 
48.Bd3 Bd4 49.Bxe2 Bxb2 50.a4 Kc5 51.Kf3 Kd4 52.c5 e4+ 53.Kf2 bxc5 54.Bc4 
Ke5 55.Bb5 Kxf5 56.Bc4 g5 57.Bb5 Kf4 58.Bc4 g4 59.Ba6 Bd4+ 60.Kf1 g3 61.
Bc8 Kf3 62.Bh3 Bf2 63.Bg2+ Ke3 64.Bh1 Kd3 65.Bg2 e3 66.Bf3 Kd2 0-1

[Event "34th Rilton Cup"]
[Site "Stockholm SWE"]
[Date "2004.12.30"]
[Round "4.46"]
[White "Wilsbeck, Jan Boerge"]
[Black "Cleanthous, Demetris"]
[Result "1-0"]
[WhiteElo "1947"]
[BlackElo "2051"]
[EventDate "2004.12.27"]
[PlyCount "95"]

1.e4 c5 2.Nf3 e6 3.d4 cxd4 4.Nxd4 a6 5.Bd3 Qc7 6.O-O Nf6 7.Nc3 Bc5 8.Nb3 
Ba7 9.Qe2 d6 10.Kh1 Nbd7 11.a4 O-O 12.f4 Re8 13.g4 Nf8 14.g5 N6d7 15.Be3 
Bxe3 16.Qxe3 Nc5 17.Nxc5 Qxc5 18.Qxc5 dxc5 19.e5 Bd7 20.Be4 Rab8 21.Rfd1 
Re7 22.Kg2 Ng6 23.Kg3 Be8 24.Rd2 Rc7 25.Rad1 Rcc8 26.b3 Ne7 27.h4 Nc6 28.
h5 g6 29.hxg6 hxg6 30.Rh1 Kf8 31.Rh8+ Ke7 32.Rh7 c4 33.bxc4 Na5 34.Bxg6 
Nxc4 35.Rd3 Kf8 36.Be4 Nb2 37.Rf3 Kg8 38.Rh2 Nxa4 39.Nxa4 Bxa4 40.Kg4 Kf8 
41.Rfh3 Ke7 42.Rh7 Rg8 43.g6 Be8 44.Rh8 Kf8 45.Kg5 Bc6 46.R2h7 fxg6 47.Kf6
Be8 48.Bd5 1-0

[Event "34th Rilton Cup"]
[Site "Stockholm SWE"]
[Date "2004.12.30"]
[Round "4.47"]
[White "Hayes, Stuart"]
[Black "Oerndahl, Markus"]
[Result "1-0"]
[WhiteElo "2048"]
[BlackElo "1983"]
[EventDate "2004.12.27"]
[PlyCount "97"]

1.e4 c5 2.d4 e6 3.d5 exd5 4.exd5 d6 5.Nf3 Nf6 6.Nc3 Be7 7.Bd3 O-O 8.h3 a6 
9.a4 Nbd7 10.Bf4 Re8 11.O-O b6 12.Bf5 g6 13.Bd3 Bb7 14.Bc4 Bf8 15.Re1 Qc7 
16.Qd2 Bg7 17.Ng5 Nh5 18.Be3 Ne5 19.Be2 Nf6 20.f4 Ned7 21.Bf3 h6 22.Nge4 
Nxe4 23.Nxe4 Bxb2 24.f5 Bxa1 25.Rxa1 Rxe4 26.Bxe4 Nf6 27.Bf3 h5 28.Bg5 Nd7
29.f6 Kf8 30.Re1 Ne5 31.Be4 Ke8 32.Qf4 Kd8 33.Qd2 Kc8 34.Bf4 Kd7 35.Bxe5 
dxe5 36.d6 Qxd6 37.Qxd6+ Kxd6 38.Bxb7 Ra7 39.Be4 Ke6 40.Rf1 Rd7 41.c4 b5 
42.axb5 axb5 43.cxb5 Rd4 44.Bc6 Rb4 45.Rc1 Kd6 46.Be8 Rb2 47.Bxf7 Rxb5 48.
Bxg6 Ke6 49.f7 1-0